[Event "HUN-chT2 Breyer 1415"]
[Site "Hungary"]
[Date "2014.12.14"]
[Round "6.6"]
[White "Dibusz, Ferenc"]
[Black "Goblyos, Gyorgy"]
[Result "1/2-1/2"]
[WhiteElo "2154"]
[BlackElo "2113"]
[PlyCount "20"]
[EventDate "2014.09.07"]
[EventType "team-tourn"]
[EventRounds "11"]
[EventCountry "HUN"]
[SourceTitle "EXT 2016"]
[Source "ChessBase"]
[SourceDate "2015.10.08"]
[SourceVersion "1"]
[SourceVersionDate "2015.10.08"]
[SourceQuality "1"]
[WhiteTeam "Geniusz Tata"]
[BlackTeam "MAFC"]
[WhiteTeamCountry "HUN"]
[BlackTeamCountry "HUN"]

1. g3 d6 2. Bg2 g6 3. d4 Bg7 4. e4 Nd7 5. Ne2 c6 6. c3 e5 7. Be3 Ne7 8. Qd2 h5 9. h4 Qc7 10. Na3 b5 1/2-1/2

[Event "HUN-chT2 Breyer 1415"]
[Site "Hungary"]
[Date "2014.09.07"]
[Round "?"]
[White "Bodor, Gergely"]
[Black "Goblyos, Gyorgy"]
[Result "1/2-1/2"]
[WhiteElo "1827"]
[BlackElo "2113"]
[PlyCount "116"]
[EventDate "2014.09.07"]
[EventType "team-tourn"]
[EventRounds "11"]
[EventCountry "HUN"]
[SourceTitle "EXT 2016"]
[Source "ChessBase"]
[SourceDate "2015.10.08"]
[SourceVersion "1"]
[SourceVersionDate "2015.10.08"]
[SourceQuality "1"]
[WhiteTeam "Szechenyi"]
[BlackTeam "MAFC"]
[WhiteTeamCountry "HUN"]
[BlackTeamCountry "HUN"]

1. e4 e5 2. Nf3 Nc6 3. Bc4 Nf6 4. d4 exd4 5. e5 d5 6. Bb5 Ne4 7. Nxd4 Bd7 8. Bxc6 bxc6 9. 0-0 c5 10. Nb3 c6 11. N1d2 Nxd2 12. Bxd2 c4 13. Nd4 Qb6 14. e6 fxe6 15. Qh5+ Kd8 16. Qe5 c5 17. Ba5 Qxa5 18. Nxe6+ Bxe6 19. Qxe6 Kc7 20. Qf7+ Kc6 21. Rad1 Rd8 22. Rfe1 Rd6 23. Re8 Qc7 24. Rxf8 Rxf8 25. Qxf8 d4 26. Qf3+ Kb6 27. Qe2 Qf7 28. f3 Re6 29. Qd2 Qe7 30. Kf1 Qh4 31. Re1 Rxe1+ 32. Qxe1 Qxe1+ 33. Kxe1 a5 34. a4 Kc6 35. Ke2 Kd5 36. Kd2 g5 37. Ke2 Ke5 38. g3 h5 39. h3 h4 40. gxh4 gxh4 41. Ke1 Kf4 42. Kf2 d3 43. c3 Ke5 44. Ke1 Kf5 45. Kf1 Kg5 46. Ke1 Kf4 47. Kf2 d2 48. Ke2 Kg3 49. f4 Kxh3 50. f5 Kg4 51. f6 h3 52. f7 h2 53. f8Q d1Q+ 54. Kxd1 h1Q+ 55. Ke2 Qe4+ 56. Kd2 Qd3+ 57. Kc1 Qe3+ 58. Kd1 Qd3+ 1/2-1/2

[Event "HUN-chT2 Erkel 1314"]
[Site "Hungary"]
[Date "2014.03.23"]
[Round "9.10"]
[White "Goblyos, Gyorgy"]
[Black "Rinyu, Janos"]
[Result "1-0"]
[WhiteElo "2106"]
[BlackElo "1892"]
[PlyCount "105"]
[EventDate "2013.09.08"]
[EventType "team-tourn"]
[EventRounds "11"]
[EventCountry "HUN"]
[SourceTitle "EXT 2016"]
[Source "ChessBase"]
[SourceDate "2015.10.08"]
[SourceVersion "1"]
[SourceVersionDate "2015.10.08"]
[SourceQuality "1"]
[WhiteTeam "Budapest MAFC"]
[BlackTeam "Fot"]
[WhiteTeamCountry "HUN"]
[BlackTeamCountry "HUN"]

1. b4 b6 2. Bb2 Bb7 3. Nf3 e6 4. b5 Nf6 5. e3 Be7 6. d4 d5 7. Bd3 a6 8. a4 axb5 9. axb5 Rxa1 10. Bxa1 0-0 11. 0-0 c5 12. c4 Nbd7 13. Nbd2 Qa8 14. Qb3 Rc8 15. Bb2 dxc4 16. Bxc4 Bd5 17. Ra1 Qb7 18. Bxd5 Nxd5 19. e4 N5f6 20. Qe3 cxd4 21. Bxd4 Bc5 22. h3 h6 23. Bxc5 Rxc5 24. Qe2 Qc7 25. Ra8+ Kh7 26. g3 Ne5 27. Nd4 Qd7 28. N2b3 Rc8 29. Ra6 Qb7 30. f4 Ned7 31. Nc6 Rxc6 32. bxc6 Qxc6 33. e5 Ne4 34. Kh2 Nec5 35. Qc2+ g6 36. Ra7 Kg7 37. Ra2 Qf3 38. Nxc5 Nxc5 39. Rb2 Ne4 40. Rb3 Qf2+ 41. Qxf2 Nxf2 42. Rxb6 Ne4 43. Rc6 g5 44. fxg5 hxg5 45. Kg2 Kg6 46. g4 Nd2 47. Kf2 Nb3 48. Ke3 Na5 49. Rc5 Nb7 50. Rc7 Na5 51. Kd4 Nb3+ 52. Kd3 Na5 53. Kc3 1-0

[Event "HUN-chT2 Erkel 1213"]
[Site "Hungary"]
[Date "2012.10.07"]
[Round "2.9"]
[White "Tarsi, Miklos"]
[Black "Goblyos, Gyorgy"]
[Result "0-1"]
[WhiteElo "1973"]
[BlackElo "2107"]
[PlyCount "90"]
[EventDate "2012.09.16"]
[EventType "team-tourn"]
[EventRounds "11"]
[EventCountry "HUN"]
[SourceTitle "EXT 2014"]
[Source "ChessBase"]
[SourceDate "2013.11.20"]
[SourceVersion "1"]
[SourceVersionDate "2013.11.20"]
[SourceQuality "1"]
[WhiteTeam "Nagykata"]
[BlackTeam "Barcza"]
[WhiteTeamCountry "HUN"]
[BlackTeamCountry "HUN"]

1. d4 Nf6 2. c4 e6 3. Nc3 d5 4. Nf3 c6 5. Bg5 Be7 6. e3 Nbd7 7. Bd3 0-0 8. 0-0 Re8 9. Qc2 h6 10. Bh4 b6 11. Rac1 Bb7 12. a3 Rc8 13. Qe2 c5 14. dxc5 Nxc5 15. cxd5 Nxd3 16. Qxd3 Nxd5 17. Bxe7 Qxe7 18. Nxd5 Bxd5 19. e4 Bb7 20. e5 Rc5 21. Rxc5 Qxc5 22. Qd4 Qxd4 23. Nxd4 Rd8 24. Rd1 f6 25. f4 fxe5 26. fxe5 Rd5 27. Kf2 Rxe5 28. Nf3 Rd5 29. Re1 Kf7 30. Rc1 Rc5 31. Rxc5 bxc5 32. Ne5+ Ke7 33. g3 Bd5 34. Ke3 Bb3 35. Nc6+ Kd6 36. Nxa7 Ba4 37. Nc8+ Kc7 38. Ne7 Be8 39. h4 Kd7 40. Ng8 Bf7 41. Nxh6 gxh6 42. a4 Bg6 43. a5 e5 44. a6 Kc6 45. a7 Kb7 0-1

[Event "HUN-chT2 Erkel 1213"]
[Site "Hungary"]
[Date "2012.09.16"]
[Round "1.9"]
[White "Goblyos, Gyorgy"]
[Black "Dombai, Istvan"]
[Result "0-1"]
[WhiteElo "2107"]
[BlackElo "2181"]
[PlyCount "64"]
[EventDate "2012.09.16"]
[EventType "team-tourn"]
[EventRounds "11"]
[EventCountry "HUN"]
[SourceTitle "EXT 2014"]
[Source "ChessBase"]
[SourceDate "2013.11.20"]
[SourceVersion "1"]
[SourceVersionDate "2013.11.20"]
[SourceQuality "1"]
[WhiteTeam "Barcza"]
[BlackTeam "BEAC II"]
[WhiteTeamCountry "HUN"]
[BlackTeamCountry "HUN"]

1. b4 e5 2. Bb2 f6 3. a3 d5 4. d4 e4 5. e3 Be6 6. Nd2 f5 7. c4 c6 8. Rc1 Nf6 9. Ne2 Bd6 10. Nc3 0-0 11. Qb3 Nbd7 12. cxd5 cxd5 13. Nb5 Bb8 14. Qc2 Ne8 15. g3 a6 16. Nc3 Nb6 17. Nb3 Nd6 18. Nc5 Qe7 19. a4 Bf7 20. a5 Nbc4 21. Be2 g5 22. h4 f4 23. gxf4 gxf4 24. Rg1+ Kh8 25. exf4 e3 26. Rg5 exf2+ 27. Kxf2 Qe3+ 28. Kg2 Qxf4 29. Nd1 Ne4 30. Nxe4 Qh2+ 31. Kf1 Bg6+ 32. Nef2 Ne3+ 0-1

[Event "HUN-chT2 Erkel 1112"]
[Site "Hungary"]
[Date "2011.11.13"]
[Round "3.9"]
[White "Lakat, Gyula"]
[Black "Goblyos, Gyorgy"]
[Result "0-1"]
[WhiteElo "1859"]
[BlackElo "2107"]
[PlyCount "45"]
[EventDate "2011.09.25"]
[EventType "team-tourn"]
[EventRounds "11"]
[EventCountry "HUN"]
[SourceTitle "EXT 2013"]
[Source "ChessBase"]
[SourceDate "2012.11.22"]
[SourceVersion "1"]
[SourceVersionDate "2012.11.22"]
[SourceQuality "1"]
[WhiteTeam "Honved II"]
[BlackTeam "MAFC"]
[WhiteTeamCountry "HUN"]
[BlackTeamCountry "HUN"]

1. d4 Nf6 2. c4 e6 3. Nf3 d5 4. g3 c6 5. cxd5 exd5 6. Bg2 Bd6 7. 0-0 0-0 8. Nc3 Re8 9. Bg5 Nbd7 10. Qc2 h6 11. Bxf6 Nxf6 12. Nd2 Qb6 13. Nb3 a5 14. Rad1 a4 15. Nc1 a3 16. b3 Bg4 17. f3 Bh5 18. Qd2 Bb4 19. e3 c5 20. N1e2 cxd4 21. Nxd4 Qc5 22. Rc1 Rac8 23. Nde2 0-1

[Event "HUN-chT2 Breyer 1011"]
[Site "Hungary"]
[Date "2011.05.01"]
[Round "10.7"]
[White "Sumegi, Miklos Andras"]
[Black "Goblyos, Gyorgy"]
[Result "1-0"]
[WhiteElo "2014"]
[BlackElo "2131"]
[PlyCount "93"]
[EventDate "2010.09.12"]
[EventType "team-tourn"]
[EventRounds "11"]
[EventCountry "HUN"]
[SourceTitle "EXT 2012"]
[Source "ChessBase"]
[SourceDate "2011.11.24"]
[SourceVersion "1"]
[SourceVersionDate "2011.11.24"]
[SourceQuality "1"]
[WhiteTeam "Vizugy"]
[BlackTeam "MAFC"]
[WhiteTeamCountry "HUN"]
[BlackTeamCountry "HUN"]

1. d4 Nf6 2. Bg5 d5 3. e3 e6 4. Nd2 Be7 5. Bd3 Nbd7 6. Ngf3 c5 7. c3 0-0 8. b3 Qa5 9. Qc2 b5 10. Bxh7+ Nxh7 11. Bxe7 Re8 12. Bxc5 Nxc5 13. dxc5 e5 14. b4 Qd8 15. Nb3 Bg4 16. h3 Bxf3 17. gxf3 Qf6 18. 0-0-0 Qxf3 19. Rhg1 Nf6 20. Rg3 Qh5 21. Rdg1 g6 22. f3 Kf8 23. Kb2 Rad8 24. Qh2 Qf5 25. Qe2 d4 26. cxd4 exd4 27. e4 Nxe4 28. fxe4 Rxe4 29. Qd2 Rde8 30. Qh6+ Ke7 31. Qg5+ Qxg5 32. Rxg5 Rd8 33. Nd2 Re3 34. R5g3 f5 35. Rxg6 Rxh3 36. Ra6 Rh2 37. Rxa7+ Ke6 38. Kc2 Kd5 39. Rf1 Rf8 40. Kd1 Rg2 41. Rd7+ Kc6 42. Rd6+ Kc7 43. Rf3 Rh8 44. Rxd4 Rh1+ 45. Rf1 Rxf1+ 46. Nxf1 Rxa2 47. Rf4 1-0

[Event "HUN-chT2 Erkel 0809"]
[Site "Hungary"]
[Date "2009.04.19"]
[Round "11.8"]
[White "Goblyos, Gyorgy"]
[Black "Jozsa, Zoltan"]
[Result "1/2-1/2"]
[WhiteElo "2148"]
[BlackElo "2052"]
[PlyCount "25"]
[EventDate "2008.10.26"]
[EventType "team-tourn"]
[EventRounds "11"]
[EventCountry "HUN"]
[SourceTitle "EXT 2010"]
[Source "ChessBase"]
[SourceDate "2010.11.25"]
[SourceVersion "1"]
[SourceVersionDate "2010.11.25"]
[SourceQuality "1"]
[WhiteTeam "MAFC"]
[BlackTeam "Vaci"]
[WhiteTeamCountry "HUN"]
[BlackTeamCountry "HUN"]

1. d4 Nf6 2. Nf3 e6 3. Bf4 c5 4. e3 b6 5. c4 Bb7 6. Nc3 cxd4 7. exd4 Bb4 8. a3 Bxc3+ 9. bxc3 d5 10. cxd5 Qxd5 11. c4 Qe4+ 12. Be3 0-0 13. Qd3 1/2-1/2

[Event "HUN-chT2 Erkel 0809"]
[Site "Hungary"]
[Date "2009.04.05"]
[Round "10.7"]
[White "Sillye, Kalman"]
[Black "Goblyos, Gyorgy"]
[Result "0-1"]
[WhiteElo "2113"]
[BlackElo "2148"]
[PlyCount "74"]
[EventDate "2008.10.26"]
[EventType "team-tourn"]
[EventRounds "11"]
[EventCountry "HUN"]
[SourceTitle "EXT 2010"]
[Source "ChessBase"]
[SourceDate "2010.11.25"]
[SourceVersion "1"]
[SourceVersionDate "2010.11.25"]
[SourceQuality "1"]
[WhiteTeam "MAFC"]
[BlackTeam "Godollo"]
[WhiteTeamCountry "HUN"]
[BlackTeamCountry "HUN"]

1. d4 Nf6 2. Nf3 c5 3. e3 d5 4. c3 Nbd7 5. Bd3 e6 6. Ne5 Nxe5 7. dxe5 Nd7 8. f4 c4 9. Bc2 b5 10. 0-0 Qb6 11. Kh1 Bb7 12. Qe2 g6 13. Nd2 Nc5 14. e4 Nxe4 15. Bxe4 dxe4 16. Nxe4 Bxe4 17. Qxe4 Rd8 18. Be3 Bc5 19. Bxc5 Qxc5 20. Rad1 0-0 21. g4 Rxd1 22. Rxd1 Qf2 23. Rg1 Rd8 24. f5 Rd2 25. Qg2 Qxg2+ 26. Rxg2 Rd1+ 27. Rg1 Rxg1+ 28. Kxg1 exf5 29. gxf5 gxf5 30. Kf2 Kf8 31. Ke3 Ke7 32. a4 a6 33. axb5 axb5 34. Kf4 Ke6 35. h4 h5 36. Kg5 Kxe5 37. Kxh5 Kf6 0-1

[Event "HUN-chT2 Erkel 0809"]
[Site "Hungary"]
[Date "2009.01.25"]
[Round "6.7"]
[White "Goblyos, Gyorgy"]
[Black "Kokai, Sandor"]
[Result "1/2-1/2"]
[WhiteElo "2148"]
[BlackElo "1992"]
[PlyCount "95"]
[EventDate "2008.10.26"]
[EventType "team-tourn"]
[EventRounds "11"]
[EventCountry "HUN"]
[SourceTitle "EXT 2010"]
[Source "ChessBase"]
[SourceDate "2010.11.25"]
[SourceVersion "1"]
[SourceVersionDate "2010.11.25"]
[SourceQuality "1"]
[WhiteTeam "MAFC"]
[BlackTeam "Ujszasz"]
[WhiteTeamCountry "HUN"]
[BlackTeamCountry "HUN"]

1. e4 e6 2. d4 b6 3. c4 Bb7 4. Nc3 d6 5. Bd3 Nd7 6. Nf3 h6 7. 0-0 e5 8. Re1 Ngf6 9. Bc2 Be7 10. Nd5 c6 11. Nxe7 Qxe7 12. Nh4 g6 13. Nf3 c5 14. d5 g5 15. a3 Nf8 16. b4 Ng6 17. bxc5 bxc5 18. Rb1 0-0 19. Rb3 Ba6 20. Nxg5 hxg5 21. Bd3 Nh7 22. Bf1 Kg7 23. Rh3 Rh8 24. Qa4 Bc8 25. Rb3 Qd7 26. Qa5 Nf4 27. Bd2 Nf6 28. Rg3 g4 29. Rb1 N6h5 30. Rgb3 Nf6 31. Bxf4 exf4 32. e5 Ne4 33. Re1 Qf5 34. exd6 g3 35. fxg3 fxg3 36. Rxg3+ Nxg3 37. Qc3+ Qf6 38. Qxg3+ Kf8 39. Bd3 Bf5 40. Bxf5 Qxf5 41. Qe3 Qd7 42. Qxc5 Rc8 43. Qb4 a5 44. Qc3 Rh7 45. c5 Rh5 46. Qf3 Rh7 47. Qe4 Rh5 48. Qf3 1/2-1/2

[Event "HUN-chT2 Breyer 0708"]
[Site "Hungary"]
[Date "2007.11.25"]
[Round "3"]
[White "Szabo, Zoltan"]
[Black "Goblyos, Gyorgy"]
[Result "0-1"]
[WhiteElo "1792"]
[BlackElo "2153"]
[PlyCount "70"]
[EventDate "2007.10.14"]
[EventType "team"]
[EventRounds "11"]
[EventCountry "HUN"]
[SourceTitle "EXT 2009"]
[Source "ChessBase"]
[SourceDate "2008.11.26"]
[SourceVersion "1"]
[SourceVersionDate "2008.11.26"]
[SourceQuality "1"]
[WhiteTeam "Zsambek"]
[BlackTeam "MAFC"]
[WhiteTeamCountry "HUN"]
[BlackTeamCountry "HUN"]

1. e4 e5 2. Nf3 Nc6 3. Bb5 a6 4. Ba4 b5 5. Bb3 Na5 6. Bxf7+ Kxf7 7. Nxe5+ Ke7 8. Qh5 Qe8 9. Qg5+ Nf6 10. Nc3 Bb7 11. 0-0 Kd8 12. d4 Be7 13. Qe3 b4 14. Nd5 Nxd5 15. exd5 Bxd5 16. Re1 Qf8 17. Qh3 Be6 18. Qh5 g6 19. Qe2 Bd6 20. Qe4 Rb8 21. Bg5+ Kc8 22. d5 Bf5 23. Qe2 Ra8 24. c3 bxc3 25. bxc3 h6 26. Bc1 g5 27. a4 Nb3 28. Ra2 Nxc1 29. Rxc1 Qf6 30. Nc4 Bc5 31. Rb2 Rf8 32. Re1 Bd3 33. Qxd3 Bxf2+ 34. Kh1 Bxe1 35. Ne3 Qxc3 0-1

[Event "HUN-chT2 Erkel 0607"]
[Site "Hungary"]
[Date "2007.03.04"]
[Round "6"]
[White "Klein, Peter"]
[Black "Goblyos, Gyorgy"]
[Result "0-1"]
[WhiteElo "2134"]
[BlackElo "2149"]
[PlyCount "43"]
[EventDate "2006.11.12"]
[EventType "team"]
[EventRounds "11"]
[EventCountry "HUN"]
[SourceTitle "EXT 2008"]
[Source "ChessBase"]
[SourceDate "2007.11.25"]
[SourceVersion "1"]
[SourceVersionDate "2007.11.25"]
[SourceQuality "1"]
[WhiteTeam "Vasarteri"]
[BlackTeam "MAFC"]
[WhiteTeamCountry "HUN"]
[BlackTeamCountry "HUN"]

1. e4 e5 2. Nf3 Nc6 3. Bc4 Nf6 4. d4 exd4 5. Bg5 h6 6. Bh4 g5 7. Bg3 Nxe4 8. Qe2 d5 9. Bb5 Bb4+ 10. c3 dxc3 11. bxc3 Be7 12. Ne5 Bd7 13. 0-0 Nxe5 14. Bxe5 f6 15. Bd4 0-0 16. Bd3 Nd6 17. Qh5 Bf5 18. Bxf5 Nxf5 19. Qg6+ Ng7 20. Qxh6 Kf7 21. Qh3 Qd6 22. g3 0-1

[Event "HUN-chT2 Breyer 0506"]
[Site "Hungary"]
[Date "2005.10.16"]
[Round "1"]
[White "Goblyos, Gyorgy"]
[Black "Adam, Gyorgy"]
[Result "0-1"]
[WhiteElo "2168"]
[BlackElo "2181"]
[PlyCount "82"]
[EventDate "2005.10.16"]
[EventType "team"]
[EventRounds "11"]
[EventCountry "HUN"]
[SourceTitle "EXT 2009"]
[Source "ChessBase"]
[SourceDate "2008.11.26"]
[SourceVersion "1"]
[SourceVersionDate "2008.11.26"]
[SourceQuality "1"]
[WhiteTeam "MAFC"]
[BlackTeam "Barcza"]
[WhiteTeamCountry "HUN"]
[BlackTeamCountry "HUN"]

1. e4 c5 2. Nc3 Nc6 3. Nf3 g6 4. d4 cxd4 5. Nxd4 Bg7 6. Be3 Nf6 7. f3 0-0 8. Qd2 d5 9. exd5 Nxd5 10. Nxd5 Qxd5 11. Nxc6 Qxc6 12. c3 Bf5 13. Be2 Rfd8 14. Qc1 Bd3 15. Bxd3 Rxd3 16. 0-0 Rad8 17. Kh1 R8d5 18. Re1 Qd6 19. Bf4 e5 20. Be3 Qc7 21. c4 Rd8 22. Rb1 a5 23. b4 axb4 24. Rxb4 Qa5 25. Rxb7 Rc3 26. Qb1 Qa8 27. Ra7 Qc8 28. c5 Bf8 29. Ra5 f6 30. h3 Rdd3 31. Bg1 Rd2 32. Rd1 Qd8 33. Rxd2 Qxd2 34. Ra8 Rc2 35. Qf1 Rc1 36. Qb5 Qe1 37. Rxf8+ Kxf8 38. Qb8+ Kg7 39. Qc7+ Kh6 40. Kh2 Qxg1+ 41. Kg3 Qxc5 0-1

[Event "HUN-chT2 Breyer 0405"]
[Site "Hungary"]
[Date "2004.12.19"]
[Round "5"]
[White "Lengyel, Sandor"]
[Black "Goblyos, Gyorgy"]
[Result "0-1"]
[WhiteElo "1959"]
[BlackElo "2153"]
[PlyCount "60"]
[EventDate "2004.09.26"]
[EventType "team"]
[EventRounds "11"]
[EventCountry "HUN"]
[SourceTitle "EXT 2009"]
[Source "ChessBase"]
[SourceDate "2008.11.26"]
[SourceVersion "1"]
[SourceVersionDate "2008.11.26"]
[SourceQuality "1"]
[WhiteTeam "Turul"]
[BlackTeam "MAFC"]
[WhiteTeamCountry "HUN"]
[BlackTeamCountry "HUN"]

1. e4 e5 2. Nf3 Nc6 3. Bb5 a6 4. Ba4 b5 5. Bb3 Na5 6. c3 Nxb3 7. Qxb3 Bb7 8. d3 d6 9. 0-0 Be7 10. Re1 Nf6 11. Nbd2 c5 12. Nf1 0-0 13. Ng3 Re8 14. Ng5 d5 15. Nf3 Qc7 16. Qc2 dxe4 17. dxe4 c4 18. Nf5 Bc5 19. h3 Qc6 20. Ng3 Rad8 21. Bg5 h6 22. Bxf6 Qxf6 23. Rad1 g6 24. Rxd8 Rxd8 25. Rd1 Rxd1+ 26. Qxd1 Bc6 27. h4 Qf4 28. Qe2 Qxg3 29. Nd4 Bxd4 30. cxd4 Qd3 0-1